La promoción de la democracia en América Latina/
Este trabajo es una reseña a la obra de Thomas Carothers sobre la política de la administración Reagan hacia América Latina y su contribución a la democratización de la región. Se critica, principalmente, lo que el libro plantea acerca de los programas de asistencia política y de promoción de la dem...
Gardado en:
| Autor Principal: | |
|---|---|
| Formato: | Libro |
| Idioma: | Spanish |
| Materias: | |
| Acceso en liña: | texto completo desde el sitio de la revista |
| Etiquetas: |
Engadir etiqueta
Sen Etiquetas, Sexa o primeiro en etiquetar este rexistro!
|
MARC
| LEADER | 00000nam a22000007a 4500 | ||
|---|---|---|---|
| 003 | cru CIDCACS/IIS | ||
| 005 | 20211127203408.0 | ||
| 007 | ta | ||
| 008 | 190110n cl || p|r||||||0| ||spa|| | ||
| 040 | |c cru CIDCACS/IIS | ||
| 100 | 1 | |a Perina, Rubén M. |9 8180 | |
| 245 | 1 | 3 | |a La promoción de la democracia en América Latina/ |c Rubén M. Perina |
| 300 | |a páginas 204-215 | ||
| 520 | |a Este trabajo es una reseña a la obra de Thomas Carothers sobre la política de la administración Reagan hacia América Latina y su contribución a la democratización de la región. Se critica, principalmente, lo que el libro plantea acerca de los programas de asistencia política y de promoción de la democracia. Con mayor detención, entonces, el autor se refiere a este punto destacando la importancia y validez de este tipo de programas. Su opinión es, que si bien éstos apuntan a aspectos formales de la democracia, influyen en una serie de otros factores que ayudan efectivamente a su establecimiento y consolidación. SCA/261121 | ||
| 650 | 0 | |9 83 |a DEMOCRACIA | |
| 650 | 4 | |9 1849 |a DEMOCRATIZACION | |
| 650 | 0 | |9 3691 |a POLITICA | |
| 651 | 0 | |9 17 |a AMERICA LATINA | |
| 773 | 0 | |0 42022 |9 2587 |a Universidad de Chile. |d Santiago, Chile: Instituto de Estudios Internacionales de la Universidad de Chile |o 18741 |t Estudios Internacionales / |x 07160240 | |
| 856 | |u https://revistaei.uchile.cl/index.php/REI/article/view/15405/28684 |y texto completo desde el sitio de la revista | ||
| 942 | |2 ddc |c PP | ||
| 999 | |c 42026 |d 42026 | ||
